[Event "Vancouver Open"]
[Site "Vancouver, WA"]
[Date "2015.08.23"]
[Round "4"]
[White "Truelson Joseph  (MN)"]
[Black "Hansen James  (OR)"]
[Result "0-1"]
[WhiteElo "1671"]
[BlackElo "1490"]
[Annotator ""]
[Source ""]
[Remark "Reserve"]

1.e4 c5 2.Nf3 d6 3.d4 cxd4 4.Nxd4 Nf6 5.Nc3 a6 6.Bg5 Nbd7 7.Be2
h6 8.Be3 e6 9.Qd2 Be7 10.f4 Qc7 11.a4 Nc5 12.Bf3 e5 13.Nde2 Bd7
14.f5 Be6 15.Ng3 h5 16.b4 h4 17.Nd5 Bxd5 18.bxc5 hxg3 19.exd5
dxc5 20.Bg5 e4 21.Bxf6 Bxf6 22.d6 Qd7 23.Rb1 exf3 24.Qe3+ Kf8
25.Qxf3 Qxd6 26.Rxb7 Re8+ 27.Kf1 Rxh2 0-1

[Event "Vancouver Open"]
[Site "Vancouver, WA"]
[Date "2015.08.23"]
[Round "4"]
[White "Yoshinaga David  (OR)"]
[Black "Van Veen Kerry  (WA)"]
[Result "1-0"]
[WhiteElo "1700"]
[BlackElo "1579"]
[Annotator ""]
[Source ""]
[Remark "Reserve"]

1.e4 e5 2.Nf3 Nc6 3.d4 exd4 4.c3 dxc3 5.Bc4 d6 6.O-O Nf6 7.Ng5
Ne5 8.Qb3 Nxc4 9.Qxc4 d5 10.exd5 Qxd5 11.Re1+ Be7 12.Qxc7 Be6
13.Nxe6 fxe6 14.Nxc3 Qd7 15.Qxd7+ Kxd7 16.Bf4 Nd5 17.Nxd5 exd5
18.Rad1 Rae8 19.Rxd5+ Kc6 20.Rde5 Kd7 21.Rd1+ Kc6 22.Re6+ Kc5
23.Rde1 Rhf8 24.Be3+ Kd5 25.Bxa7 Rf7 26.R1e5+ Kc4 27.b3+ Kc3
28.Re3+ Kb4 29.R6e4+ Kb5 30.a4+ Kc6 31.b4 Rd8 32.b5+ Kc7 33.Rxe7+
Rxe7 34.Rxe7+ Kc8 35.g3 1-0

[Event "Vancouver Open"]
[Site "Vancouver, WA"]
[Date "2015.08.23"]
[Round "4"]
[White "Seitzer Phillip  (OR)"]
[Black "Sinanan Joshua  (WA)"]
[Result "0-1"]
[WhiteElo "2191"]
[BlackElo "2234"]
[Annotator ""]
[Source ""]
[Remark "Open"]

1.e4 c5 2.Nf3 e6 3.Nc3 Nc6 4.d4 cxd4 5.Nxd4 Qc7 6.Be3 a6 7.Bd3
Nf6 8.O-O Ne5 9.Nf3 d6 10.Nxe5 dxe5 11.Na4 Nd7 12.c4 Nc5 13.a3
Bd7 14.Nxc5 Bxc5 15.Bxc5 Qxc5 16.b4 Qc7 17.c5 O-O 18.Qh5 Rfd8
19.g3 Bc6 20.f4 Qd7 21.Bc2 Qd4+ 22.Kg2 Bxe4+ 23.Bxe4 Qxe4+ 24.Qf3
Rd2+ 25.Kh1 Qxf3+ 26.Rxf3 e4 27.Re3 f5 28.Rae1 Rad8 29.Kg1 Kf7
30.h3 R8d3 31.g4 g6 32.a4 Rxe3 33.Rxe3 Rb2 34.Rc3 e5 35.fxe5
Ke6 36.gxf5+ gxf5 37.b5 axb5 38.axb5 Rxb5 0-1

[Event "Vancouver Open"]
[Site "Vancouver, WA"]
[Date "2015.08.23"]
[Round "4"]
[White "Chandrasekar Siddharth  (WA)"]
[Black "Hasuike Mike  (OR)"]
[Result "1/2-1/2"]
[WhiteElo "1297"]
[BlackElo "1534"]
[Annotator ""]
[Source ""]
[Remark "Reserve"]

1.d4 d5 2.e3 Nf6 3.Bd3 e6 4.Nd2 c5 5.c3 Nc6 6.f4 Bd6 7.Qf3 Qe7
8.Nh3 Bd7 9.a4 cxd4 10.cxd4 Nb4 11.Bb1 Rc8 12.O-O Nc2 13.Ra2
O-O 14.b3 Nb4 15.Ra1 Nc2 1/2-1/2

[Event "Vancouver Open"]
[Site "Vancouver, WA"]
[Date "2015.08.23"]
[Round "5"]
[White "Haining Kyle  (WA)"]
[Black "Schill William  (WA)"]
[Result "1-0"]
[WhiteElo "2155"]
[BlackElo "2281"]
[Annotator ""]
[Source ""]
[Remark "Open"]

1.e4 c5 2.Nf3 Nc6 3.d4 cxd4 4.Nxd4 e5 5.Nb5 d6 6.c4 g6 7.N1c3
a6 8.Na3 Be6 9.Be2 Rc8 10.Nc2 Na5 11.b3 b5 12.Nd5 bxc4 13.Nce3
Bxd5 14.Nxd5 Nf6 15.Bg5 Be7 16.Nxe7 Qxe7 17.Bg4 O-O 18.Bxc8 Rxc8
19.Qf3 Kg7 20.O-O h6 21.Bxh6+ Kxh6 22.Qh3+ Kg7 23.Qxc8 cxb3 24.axb3
Nxb3 25.Rxa6 Nd2 26.Rd1 Ndxe4 27.f3 Nc5 28.Raxd6 Qa7 29.Kh1 Ne6
30.Qa6 Qf2 31.Qf1 Qh4 32.Qe1 Qh5 33.Qe3 e4 34.Rf1 Qb5 35.Rdd1
Ng5 36.h4 Ne6 37.fxe4 Qe5 38.Qf3 Nxe4 39.Qxf7+ Kh6 40.Rd3 1-0

[Event "Vancouver Open"]
[Site "Vancouver, WA"]
[Date "2015.08.23"]
[Round "5"]
[White "Raptis Nick  (OR)"]
[Black "Sinanan Joshua  (WA)"]
[Result "1-0"]
[WhiteElo "2363"]
[BlackElo "2234"]
[Annotator ""]
[Source ""]
[Remark "Open"]

1.c4 e5 2.Nc3 Nf6 3.g3 d5 4.cxd5 Nxd5 5.Bg2 Nb6 6.Nf3 Nc6 7.O-O
Be7 8.d3 Be6 9.Be3 O-O 10.Qc1 f6 11.Ne4 Qd7 12.Bc5 Rad8 13.Bxe7
Qxe7 14.Nc5 Bc8 15.Qc2 Kh8 16.Rac1 Rfe8 17.a3 Nd7 18.b4 Nf8 19.Qa4
a5 20.bxa5 Nxa5 21.Qxa5 b6 22.Qc3 Qxc5 23.Qxc5 bxc5 24.Rxc5 Ne6
25.Rc3 Rd6 26.Rb1 Bd7 27.Nd2 Ra6 28.e3 Ra7 29.Rb4 Kg8 30.f4 exf4
31.gxf4 Kf8 32.d4 Ke7 33.d5 Nd8 34.Rbc4 1-0

[Event "Vancouver Open"]
[Site "Vancouver, WA"]
[Date "2015.08.23"]
[Round "5"]
[White "Rhoades Alan  (OR)"]
[Black "Gulamali Faris  (WA)"]
[Result "0-1"]
[WhiteElo "1665"]
[BlackElo "1933"]
[Annotator ""]
[Source ""]
[Remark "Open"]

1.Nf3 Nf6 2.c4 g6 3.g3 Bg7 4.Bg2 O-O 5.O-O d6 6.d4 Nbd7 7.Qc2
e5 8.dxe5 dxe5 9.Nc3 c6 10.Rd1 Qc7 11.b4 Nb6 12.Nd2 Bf5 13.e4
Bg4 14.f3 Be6 15.Bf1 a5 16.b5 cxb5 17.Nxb5 Qc5+ 18.Kg2 Rfc8 19.Qb2
a4 20.Na3 Nfd7 21.Rb1 Bf8 22.Qb5 Qe7 23.Bb2 Qg5 24.f4 Qh5 25.Bc1 0-1

[Event "Vancouver Open"]
[Site "Vancouver, WA"]
[Date "2015.08.23"]
[Round "4"]
[White "Schill William  (WA)"]
[Black "Smith Micah  (WA)"]
[Result "1-0"]
[WhiteElo "2281"]
[BlackElo "2019"]
[Annotator ""]
[Source ""]
[Remark "Open"]

1.e4 e5 2.Nf3 Nc6 3.Nc3 Nf6 4.Be2 d5 5.exd5 Nxd5 6.O-O Nxc3 7.bxc3
e4 8.Nd4 Nxd4 9.cxd4 Qxd4 10.c3 Qd5 11.d3 exd3 12.Re1 Be6 13.Bf3
Qc4 14.Bxb7 Rd8 15.Re4 Qb5 16.Qf3 Qc5 17.Be3 Qd6 18.Rd4 Qe5 19.Bc6+
Ke7 20.Rd1 Rxd4 21.Bxd4 Qf5 22.Qg3 Kd8 23.Be5 Bc5 24.Bxg7 Bd6
25.Qh4+ Kc8 26.Bxh8 d2 27.Qa4 Qg5 28.Qxa7 Bxh2+ 29.Kh1 Kd8 30.Qa8+
Ke7 31.Qe8+ Kd6 32.Rxd2+ 1-0

[Event "Vancouver Open"]
[Site "Vancouver, WA"]
[Date "2015.08.22"]
[Round "2"]
[White "Yoshinaga David  (OR)"]
[Black "Samillano Jazon  (OR)"]
[Result "0-1"]
[WhiteElo "1700"]
[BlackElo "1754"]
[Annotator ""]
[Source ""]
[Remark "Reserve"]

1.e4 c5 2.b4 cxb4 3.a3 bxa3 4.Nxa3 Nc6 5.Bb2 d6 6.Bc4 Nf6 7.d3
g6 8.f4 Bg7 9.Nf3 Qb6 10.Bxf7+ Kxf7 11.Nc4 Qc7 12.e5 dxe5 13.fxe5
Nd5 14.e6+ Kg8 15.Ng5 Bxb2 16.Nxb2 Qe5+ 17.Ne4 Qxb2 18.O-O Qd4+
19.Kh1 Bxe6 20.Ng5 Bg4 21.Qe1 Nf6 22.Qd2 Kg7 23.c3 Qd5 24.c4
Qd6 25.h3 Bf5 26.Rxf5 gxf5 27.c5 Qg3 28.Re1 Rhe8 29.Ne6+ Kh8
30.Re3 Qg6 31.Qe1 Rg8 32.Nf4 Qg7 33.Re6 0-1

[Event "Vancouver Open"]
[Site "Vancouver, WA"]
[Date "2015.08.23"]
[Round "4"]
[White "Hartley Alan  (OR)"]
[Black "Talyansky Seth  (OR)"]
[Result "0-1"]
[WhiteElo "1850"]
[BlackElo "2017"]
[Annotator ""]
[Source ""]
[Remark "Open"]

1.Nf3 Nf6 2.c4 e6 3.g3 d5 4.Bg2 Bd6 5.d4 c6 6.Nc3 Nbd7 7.Nd2
O-O 8.O-O Be7 9.e4 dxe4 10.Ndxe4 Nxe4 11.Nxe4 Nb6 12.b3 f5 13.Nc5
e5 14.Bb2 Qc7 15.f4 e4 16.Qd2 Bd7 17.Rad1 Rad8 18.Qe3 Bc8 19.Rfe1
Bf6 20.Bc3 Qf7 21.Ba5 Rde8 22.Bb4 Be7 23.Bc3 Rd8 24.Nd3 Bd6 25.Ne5
Qe6 26.d5 cxd5 27.c5 Bxe5 28.Bxe5
{(The last two moves, 27. ... Bxe5 28. Bxe5 ..., are not shown on the
scoresheet.  They are the moves that make the most sense, and without them, the
rest makes no sense at all.  The last move on the scoresheet makes no sense
either, but we'll cross that bridge when we get to it.)} Nd7
29.Bd4 Nf6 30.h3 Bd7 31.Bf1 Bc6 32.Be2 Qd7 33.a4 a6 34.Kh2 Qe6
35.Rg1 Be8 36.g4 Bg6 37.Rg3
{(Now we get to the last move, or at least the last one recorded.  It shows 37.
... Nb8, which just can't be.  It is followed by 0-1, which is not evidenced by
the position which is about as even as can be (-0.01).  Without the second
scoresheet, we are limited to what is written and whatever guesses I make.
Maybe Hartley or Talyansky will be able to provide me with some clarifications, should either ever happen to look at this.)}
 0-1

[Event "Vancouver Open"]
[Site "Vancouver, WA"]
[Date "2015.08.22"]
[Round "2"]
[White "Heywood Bill  (OR)"]
[Black "Sinanan Joshua  (WA)"]
[Result "0-1"]
[WhiteElo "2000"]
[BlackElo "2234"]
[Annotator ""]
[Source ""]
[Remark "Open"]

1.c4 e5 2.Nc3 Nf6 3.g3 d5 4.cxd5 Nxd5 5.Bg2 Nb6 6.Nf3 Nc6 7.d3
Be7 8.O-O Be6 9.a3 O-O 10.b4 f6 11.Bb2 Qd7 12.Re1 Rfd8 13.Rc1
a5 14.Ne4 axb4 15.axb4 Bxb4 16.Bc3 Bf8 17.Bd2 Na4 18.Qc2 Ra6
19.Rb1 Nb6 20.Nc5 Bxc5 21.Qxc5 Bd5 22.Be3 Na4 23.Qc2 Ne7 24.Bd2
c5 25.Bc3 b5 26.Ba1 Kh8 27.Red1 Qc6 28.e4 Be6 29.Nd2 Qd7 30.Nf1
Rd6 31.Ne3 b4 32.Bf1 b3 33.Qc1 Rb8 34.Bb2 Nxb2 35.Rxb2 Qa7 36.Nc4
Rd4 37.Nd2 Qa5 38.f4 Nc6 39.Nf3 Ra4 40.fxe5 fxe5 41.Qg5 Qc3 42.Rbb1
b2 43.Nh4 Ra1 44.Nf5 Bxf5 45.exf5 Rxb1 46.Rxb1 Nd4 47.Bg2 Qc1+
48.Rxc1 bxc1Q+ 0-1

[Event "Vancouver Open"]
[Site "Vancouver, WA"]
[Date "2015.08.22"]
[Round "3"]
[White "Sinanan Joshua  (WA)"]
[Black "Pupols Viktors  (WA)"]
[Result "1/2-1/2"]
[WhiteElo "2234"]
[BlackElo "2204"]
[Annotator ""]
[Source ""]
[Remark "Open"]

1.d4 d5 2.c4 e6 3.Nf3 Nf6 4.g3 dxc4 5.Bg2 Nbd7 6.O-O c5 7.Na3
Nb6 8.Qc2 Bd7 9.dxc5 Bxc5 10.Ne5 Nbd5 11.Nxd7 Qxd7 12.Nxc4 O-O
13.Bg5 Rac8 14.Qb3 h6 15.Bxf6 Nxf6 16.e3 Rc7 17.Rfd1 Qe7 18.a4
Rb8 19.Rd3 Rd7 20.Rad1 Rxd3 21.Rxd3 Qc7 22.Qb5 a6 23.Qa5 Qe7
24.Qd2 e5 25.Qc3 e4 26.Rd1 b5 27.axb5 axb5 28.Qe5 Re8 29.Qxe7
Bxe7 30.Na3 Bxa3 31.bxa3 Ra8 32.h3 Rxa3 33.Rb1 g6 34.Rxb5 Ra1+
35.Bf1 h5 36.Kg2 Rc1 37.Re5 Kg7 38.Ba6 Rc7 39.Bb5 Kf8 40.Ba4
Re7 41.Rc5 Kg7 42.Bc2 Rb7 43.Kf1 Nd7 44.Ra5 f5 45.g4 hxg4 46.hxg4
Kf6 47.gxf5 gxf5 48.f3 Rc7 49.Ra6+ Ke7 50.Ra2 exf3 51.Bxf5 Kf6
52.Bxd7 Rxd7 53.Kf2 Ke5 54.Kxf3 Rf7+ 55.Ke2 Rh7 56.Ra5+ Ke4 57.Ra4+
Ke5 58.Kd3 Rd7+ 59.Rd4 Ra7 60.Re4+ 1/2-1/2

[Event "Vancouver Open"]
[Site "Vancouver, WA"]
[Date "2015.08.22"]
[Round "2"]
[White "Schill William  (WA)"]
[Black "Lampman Becca  (WA)"]
[Result "1-0"]
[WhiteElo "2281"]
[BlackElo "2139"]
[Annotator ""]
[Source ""]
[Remark "Open"]

1.e4 c5 2.Nf3 e6 3.d4 cxd4 4.Nxd4 Nc6 5.Nc3 Qc7 6.Be3 a6 7.Qf3
Nf6 8.O-O-O Be7 9.h3 d6 10.g4 Ne5 11.Qg2 b5 12.f4 b4 13.fxe5
dxe5 14.g5 Nd7 15.g6 exd4 16.gxf7+ Kf8 17.Bxd4 Qf4+ 18.Kb1 Qg5
19.e5 Qxg2 20.Bxg2 Rb8 21.Ne2 g5 22.Bc6 Nc5 23.Rhf1 Kg7 24.Ng3
Bb7 25.Bxc5 Bxc5 26.Rd7 1-0

[Event "Vancouver Open"]
[Site "Vancouver, WA"]
[Date "2015.08.22"]
[Round "2"]
[White "Lee Nathan Y  (WA)"]
[Black "Hartley Alan  (OR)"]
[Result "1/2-1/2"]
[WhiteElo "2162"]
[BlackElo "1850"]
[Annotator ""]
[Source ""]
[Remark "Open"]

1.e4 e5 2.Nf3 Nc6 3.Bb5 f5 4.d3 fxe4 5.dxe4 Nf6 6.Bg5 Bb4+ 7.c3
Bc5 8.Nbd2 O-O 9.O-O d6 10.b4 Bb6 11.a4 a6 12.Bc4+ Kh8 13.h3
Qe8 14.a5 Ba7 15.Bxf6 Rxf6 16.b5 Ne7 17.Qb3 axb5 18.Bxb5 Qh5
19.Kh2 Qh6 20.a6 Rb8 21.axb7 Rxb7 22.Qa4 c6 23.Ba6 Rg6 24.Bxb7
Rxg2+ 25.Kxg2 Bxh3+ 26.Kh1 Bxf1+ 27.Nh2 Be2 28.Qxa7 Qxd2 29.Ra2
{??} ( 29.Bxc6 {+-} ) Qc1+ 30.Kg2 Qg5+ 31.Kh1 Qc1+ 1/2-1/2

[Event "Vancouver Open"]
[Site "Vancouver, WA"]
[Date "2015.08.22"]
[Round "2"]
[White "Haining Kyle  (WA)"]
[Black "Raptis Nick  (OR)"]
[Result "0-1"]
[WhiteElo "2155"]
[BlackElo "2363"]
[Annotator ""]
[Source ""]
[Remark "Open"]

1.e4 c5 2.Nf3 d6 3.d4 cxd4 4.Nxd4 Nf6 5.Nc3 g6 6.Be3 Bg7 7.f3
O-O 8.Qd2 Nc6 9.g4 Qa5 10.O-O-O Nxd4 11.Bxd4 Be6 12.Kb1 Rfc8
13.Nd5 Qxd2 14.Nxf6+ Bxf6 15.Rxd2 Bxd4 16.Rxd4 Kg7 17.Be2 g5
18.h4 h6 19.Rb4 b6 20.a3 Kf6 21.Kc1 Ke5 22.hxg5 hxg5 23.Rh5 Rg8
24.Kd2 Kf4 25.Rh6 Rac8 26.b3 Kg3 27.Rd4 Rh8 28.Rxh8 Rxh8 29.Ke3
Rh1 30.Rd1 Rxd1 31.Bxd1 Bd7 32.Be2 Bc6 33.c4 e6 34.b4 Ba4 35.Bd3
e5 36.Ke2 Kg2 37.Bb1 Bb3 38.Bd3 Kg1 39.Ke1 Kg2 40.Ke2 Ba4 41.Bb1
a5 42.Ba2 Kg3 43.c5 dxc5 44.bxa5 bxa5 45.Bxf7 Bb5+ 46.Ke3 Bf1
47.Bb3 c4 48.Bd1 c3 49.Ba4 Bg2 50.Bd1 Bxf3 51.Bc2 Kxg4 52.Kd3
Kf4 53.Kxc3 g4 0-1

[Event "Vancouver Open"]
[Site "Vancouver, WA"]
[Date "2015.08.22"]
[Round "2"]
[White "Stump Karl  (WA)"]
[Black "Strohbehn Jon  (WA)"]
[Result "1/2-1/2"]
[WhiteElo "1651"]
[BlackElo "1470"]
[Annotator ""]
[Source ""]
[Remark "Reserve"]

1.e4 e6 2.d4 d5 3.Bd3 dxe4 4.Bxe4 Nf6 5.Bf3 Be7 6.Ne2 Nbd7 7.O-O
e5 8.Ng3 O-O 9.Be3 exd4 10.Bxd4 c6 11.Nd2 Nb6 12.Nde4 Nbd5 13.Be5
Nxe4 14.Bxe4 Be6 15.c4 Nf6 16.Qc2 Nxe4 17.Qxe4 Qa5 18.Nh5 g6
19.Nf6+ Bxf6 20.Bxf6 Qf5 21.Qh4 h5 22.b3 Qg4 23.Rfe1 Qxh4 24.Bxh4
Kg7 25.Be7 Rfe8 26.Bc5 b6 27.Bd4+ f6 28.Re3 Rad8 29.Bc3 Bf5 30.Ree1
Kf7 31.f3 Bd7 32.Kf2 Rxe1 33.Rxe1 Re8 34.Rxe8 1/2-1/2

[Event "Vancouver Open"]
[Site "Vancouver, WA"]
[Date "2015.08.22"]
[Round "2"]
[White "Patel Kian  (OR)"]
[Black "Moore Michael  (OR)"]
[Result "1-0"]
[WhiteElo "1756"]
[BlackElo "1568"]
[Annotator ""]
[Source ""]
[Remark "Open"]

1.Nf3 d6 2.d4 Nf6 3.b3 g6 4.Bb2 Bg7 5.e3 O-O 6.Nbd2 Nbd7 7.Bd3
e5 8.dxe5 Ng4 9.O-O Ngxe5 10.Nxe5 Nxe5 11.Be2 Nf3+ 12.Bxf3 Bxb2
13.Rb1 Bg7 14.Re1 c6 15.Ne4 d5 16.Ng3 f5 17.Qe2 Qa5 18.c4 Be6
19.b4 Qd8 20.Red1 Re8 21.cxd5 cxd5 22.Qd2 Qb6 23.Bxd5 Bxd5 24.Qxd5+
Kh8 25.Qd6 Red8 26.Qxb6 axb6 27.Rbc1 Rxd1+ 28.Rxd1 Rxa2 1-0

[Event "Vancouver Open"]
[Site "Vancouver, WA"]
[Date "2015.08.22"]
[Round "2"]
[White "Ramesh Jothi  (WA)"]
[Black "Mayer Jacob  (MN)"]
[Result "0-1"]
[WhiteElo "1830"]
[BlackElo "1739"]
[Annotator ""]
[Source ""]
[Remark "Open"]

1.c4 Nf6 2.Nc3 e6 3.d3 d5 4.cxd5 exd5 5.Nf3 Bc5 6.d4 Be7 7.Bg5
h6 8.Bh4 O-O 9.e3 Bg4 10.h3 Bh5 11.Bd3 c6 12.g4 Bg6 13.Ne5 Bxd3
14.Qxd3 Nbd7 15.Bxf6 Bxf6 16.f4 Bxe5 17.dxe5 Qh4+ 18.Ke2 Nc5
19.Qc2 Qe7 20.Kf3 Rad8 21.Rag1 f6 22.exf6 Rxf6 23.g5 hxg5 24.Rxg5
Re6 25.Rhg1 Rxe3+ 26.Kf2 Nd3+ 27.Kf1 Re1+ 28.Kg2 Nxf4+ 29.Kh2
Rxg1 30.Rxg1 Qe5 0-1

[Event "Vancouver Open"]
[Site "Vancouver, WA"]
[Date "2015.08.22"]
[Round "2"]
[White "Truelson Joseph  (MN)"]
[Black "Dietz Arliss  (OR)"]
[Result "1/2-1/2"]
[WhiteElo "1671"]
[BlackElo "1505"]
[Annotator ""]
[Source ""]
[Remark "Reserve"]

1.e4 c6 2.d4 d5 3.exd5 cxd5 4.Nf3 Nf6 5.Bd3 g6 6.O-O Bg7 7.c3
O-O 8.Bg5 Bg4 9.h3 Bxf3 10.Qxf3 Nbd7 11.Nd2 e6 12.Rfe1 h6 13.Bh4
Qc7 14.Bg3 Qc6 15.a4 Rfe8 16.Nf1 Bf8 17.Bb5 Qb6 18.Qd3 a6 19.Bxd7
Nxd7 20.a5 Qc6 21.Nd2 Bd6 22.Bxd6 Qxd6 23.Nf3 Kg7 24.Ne5 Nxe5
25.Rxe5 Qf8 26.Rae1 Qh8 27.f4 Qh7 28.Qg3 Kh8 29.Qh4 Rg8 30.Qe7
Rab8 31.g4 Rge8 32.Qh4 b6 33.Qf6+ Qg7 34.Qxg7+ Kxg7 35.axb6 Rxb6
36.Rxd5 Rxb2 37.Ra5 Rc8 38.Rc1 Rb3 39.Rxa6 Rbxc3 40.Rxc3 Rxc3
41.Kg2 Rd3 42.Ra4 Kf6 43.h4 Rc3 44.Ra5 Rc4 45.g5+ Kg7 46.Kg3
Rxd4 47.Re5 Rd3+ 48.Kg2 Rd5 49.Re4 Kf8 50.Ra4 Rd7 51.Kf3 Ke7
52.Ke2 f6 53.Kf3 fxg5 54.hxg5 Rc7 55.Ra2 Kd6 56.Rd2+ 1/2-1/2

[Event "Vancouver Open"]
[Site "Vancouver, WA"]
[Date "2015.08.22"]
[Round "2"]
[White "Probst Aaron  (WA)"]
[Black "Lin Mu  (OR)"]
[Result "1/2-1/2"]
[WhiteElo "1451"]
[BlackElo "1650"]
[Annotator ""]
[Source ""]
[Remark "Reserve"]

1.e4 c5 2.c3 d5 3.exd5 Nf6 4.Nf3 Nxd5 5.d4 e6 6.Bb5+ Bd7 7.Bxd7+
Nxd7 8.O-O a6 9.c4 N5f6 10.d5 exd5 11.cxd5 Bd6 12.Re1+ Kf8 13.Bg5
h6 14.Bh4 Qb6 15.Na3 g5 16.Nc4 Qc7 17.Nxd6 Qxd6 18.Bg3 Qxd5 19.Bd6+
Kg7 20.Ne5 Qxd1 21.Raxd1 Rhe8 22.Nxd7 Nxd7 23.h3 c4 24.Be7 Nf6
25.Rd6 Ng8 26.Rd7 b5 27.h4 Nxe7 28.Rexe7 Rxe7 29.Rxe7 Rc8 30.hxg5
hxg5 31.a3 c3 32.bxc3 Rxc3 33.a4 Rc1+ 34.Kh2 Rc4 35.axb5 axb5
36.Re5 b4 37.Rxg5+ Kf6 38.Rb5 Ke6 39.Rb7 Kd5 40.Rxf7 Kc6 41.Rf6+
Kb5 42.Rf8 b3 43.f4 Rb4 44.Rb8+ Kc4 45.Rc8+ Kd3 46.Rd8+ Ke4 47.Rd1
b2 48.Rb1 Kxf4 49.g4 Kxg4 50.Kg2 Kf5 51.Kf2 Rh4 52.Ke3 1/2-1/2

[Event "Vancouver Open"]
[Site "Vancouver, WA"]
[Date "2015.08.22"]
[Round "2"]
[White "Deng Samuel  (WA)"]
[Black "Zhang Gavin  (OR)"]
[Result "0-1"]
[WhiteElo "1613"]
[BlackElo "1787"]
[Annotator ""]
[Source ""]
[Remark "Open"]

1.d4 d5 2.c4 e6 3.Nc3 Nf6 4.cxd5 exd5 5.Bg5 Be7 6.e3 O-O 7.Bd3
b6 8.Nge2 c5 9.dxc5 bxc5 10.O-O Bb7 11.Bc2 h6 12.Bh4 Na6 13.Bb3
Nc7 14.Qd2 Qd7 15.Rfd1 Rad8 16.Bg3 Ne6 17.Qe1 Qc8 18.Nb5 a6 19.Na3
Qa8 20.f3 Bd6 21.Bxd6 Rxd6 22.Rd2 Rfd8 23.Rad1 Qa7 24.Qf2 Bc6
25.e4 R6d7 26.exd5 Nxd5 27.Nc4 Nf6 28.Rxd7 Rxd7 29.Rxd7 Nxd7
30.Bc2 Nd4 31.Nxd4 cxd4 32.Na5 Bd5 33.Bb3 Qc5 34.Qe1 d3+ 35.Kh1
Bxb3 36.Nxb3 Qc2 37.Qd2 Qb1+ 38.Nc1 Ne5 39.Qc3 Nc4 40.Qxc4 d2
41.Qc8+ Kh7 0-1

[Event "Vancouver Open"]
[Site "Vancouver, WA"]
[Date "2015.08.22"]
[Round "2"]
[White "Tang Emily  (WA)"]
[Black "Haining Breck  (WA)"]
[Result "0-1"]
[WhiteElo "798"]
[BlackElo "1329"]
[Annotator ""]
[Source ""]
[Remark "Reserve"]

1.e4 g6 2.d4 Bg7 3.Nf3 d6 4.Be3 Nf6 5.Nc3 c6 6.Bd3 b5 7.a3 Na6
8.h3 O-O 9.O-O Nc7 10.Qd2 Re8 11.e5 dxe5 12.dxe5 Nfd5 13.Bh6
Nxc3 14.bxc3 Bh8 15.Qe3 Ne6 16.Rab1 Bd7 17.c4 a6 18.cxb5 axb5
19.Rb3 Ra4 20.Rc1 Qa5 21.Be2 Qa7 22.Qxa7 Rxa7 23.c4 Nc5 24.Re3
bxc4 25.Bxc4 Ra4 26.Ng5 e6 27.Be2 Na6 28.f4 Nc7 29.Rd3 Nd5 30.Rf1
Bg7 31.Bxg7 Kxg7 32.g3 Rea8 33.Ra1 c5 34.Bf3 Bc6 35.Bxd5 Bxd5
36.Rc3 c4 37.Kf2 Rb8 38.Rac1 h6 39.Nf3 Rb3 40.Rxb3 cxb3 41.Rb1
Rxa3 42.Nd4 Ra2+ 43.Ke3 b2 44.Nc2 Bg2 45.h4 Bh3 46.Kd2 Bf5 47.Kc3
Bxc2 48.Kxc2 Ra3 49.Kxb2 Rxg3 50.Rh1 Rf3 51.h5 Rxf4 52.hxg6 Kxg6
53.Rg1+ Kf5 54.Rh1 Kg5 55.Rg1+ Rg4 56.Rf1 Kg6 57.Rf6+ Kg7 58.Kc3
h5 59.Rf1 h4 60.Rh1 Kg6 61.Kd3 Kf5 62.Rf1+ Rf4 63.Rxf4+ Kxf4
64.Kd4 h3 65.Kc5 Kxe5 0-1

[Event "Vancouver Open"]
[Site "Vancouver, WA"]
[Date "2015.08.22"]
[Round "2"]
[White "Mathews Daniel  (WA)"]
[Black "Beck Alec  (WA)"]
[Result "1-0"]
[WhiteElo "1680"]
[BlackElo "1516"]
[Annotator ""]
[Source ""]
[Remark "Reserve"]

1.e4 e6 2.Qe2 Nf6 3.d4 d5 4.exd5 Nxd5 5.Nf3 c5 6.dxc5 Qa5+ 7.Bd2
Qxc5 8.Qb5+ Qxb5 9.Bxb5+ Bd7 10.Bxd7+ Kxd7 11.Nc3 Nb4 12.O-O-O
N8c6 13.a3 Na6 14.Rhe1 Be7 15.Bf4+ Ke8 16.b4 Naxb4 17.axb4 Nxb4
18.Bd6 Rc8 19.Bxe7 Kxe7 20.Nd5+ Nxd5 21.Rxd5 Rc7 22.Rd2 Rhc8
23.Re3 a6 24.Nd4 Kf6 25.Ne2 b6 26.c3 b5 27.Kb2 Ke7 28.Red3 h6
29.Rd6 a5 30.Rb6 Rc5 31.Rb7+ R8c7 32.Rxc7+ Rxc7 33.Nd4 Rd7 34.Nc6+
Ke8 35.Rxd7 Kxd7 36.Nxa5 g5 37.Kc2 f5 38.Kd3 e5 39.Nb3 Kd6 40.c4
bxc4+ 41.Kxc4 h5 42.Kd3 Kd5 43.Nd2 g4 44.g3 f4 45.Ne4 Ke6 46.Kc4
Kf5 47.Kd5 fxg3 48.fxg3 h4 49.Nd6+ Kf6 50.Ke4 hxg3 51.hxg3 Ke6
52.Nc4 Kf6 53.Nxe5 Kg5 54.Nd3 1-0

[Event "Vancouver Open"]
[Site "Vancouver, WA"]
[Date "2015.08.22"]
[Round "2"]
[White "Brown Nicholas  (OR)"]
[Black "Hendricks David  (WA)"]
[Result "1/2-1/2"]
[WhiteElo "1461"]
[BlackElo "1672"]
[Annotator ""]
[Source ""]
[Remark "Reserve"]

1.Nf3 d5 2.g3 Nf6 3.Bg2 g6 4.d3 Bg7 5.O-O O-O 6.Nbd2 c5 7.e4
Nc6 8.Re1 Bg4 9.h3 Bxf3 10.Bxf3 e5 11.c3 d4 12.c4 Qd7 13.Bg4
Nxg4 14.hxg4 f5 15.gxf5 gxf5 16.exf5 Qxf5 17.Ne4 b6 18.Kg2 Rad8
19.Rh1 Qg6 20.Rh4 Kh8 21.a3 Rf5 22.Qe2 Rdf8 23.Bd2 R8f7 24.Rah1
Bf8 25.Bh6 Be7 26.Rg4 Qe6 27.Bd2 Bf8 28.Rgh4 Ne7 29.Kg1 Ng6 30.Ng5
Rxg5 31.Bxg5 Nxh4 32.Rxh4 Qf5 33.f4 exf4 34.Rxf4 Qg6 35.Qe5+
Kg8 36.Rxf7 Qxf7 37.Bf4 h6 38.Qc7 Qxc7 39.Bxc7 Kf7 40.a4 Ke6
41.Bb8 Bd6 42.Bxa7 Bxg3 43.Bxb6 Bd6 44.a5 Kd7 45.Kg2 Kc6 46.Kf3
h5 47.Kg2 h4 48.Kh3 Be7 49.Kg4 Kb7 50.Kh3 Kc6 51.Kg4 Kb7 52.Kh3
Kc6 1/2-1/2

[Event "Vancouver Open"]
[Site "Vancouver, WA"]
[Date "2015.08.22"]
[Round "2"]
[White "Pupols Viktors  (WA)"]
[Black "Nagase Toshihiro  (WA)"]
[Result "1-0"]
[WhiteElo "2204"]
[BlackElo "1989"]
[Annotator ""]
[Source ""]
[Remark "Open"]

1.Nf3 e6 2.d4 f5 3.g3 Nf6 4.Bg2 d5 5.O-O Bd6 6.c4 c6 7.b3 Qe7
8.a4 O-O 9.Ba3 Bxa3 10.Nxa3 Ne4 11.Ne5 Nd7 12.Nc2 Nxe5 13.dxe5
Qc7 14.f4 Qb6+ 15.Kh1 Qxb3 16.cxd5 cxd5 17.Ra3 Qb6 18.Qd4 Qxd4
19.Nxd4 Bd7 20.Rb1 b6 21.Bxe4 fxe4 22.a5 bxa5 23.Rxa5 Rfc8 24.Rb7
Rc4 25.e3 Bc8 26.Rbxa7 Rb8 27.Rb5 Rxb5 28.Nxb5 h6 29.Nd6 Rc1+
30.Kg2 Kh7 31.Ne8 Rc2+ 32.Kf1 Kg8 33.Rxg7+ Kf8 34.Rc7 Ba6+ 35.Kg1
Re2 36.Nd6 Rxe3 37.f5 Re1+ 38.Kg2 Re2+ 39.Kh3 Rb2 40.fxe6 Rb8
41.e7+ Kg8 42.e8Q+ Rxe8 43.Nxe8 Bf1+ 44.Kg4 e3 45.Nf6+ Kf8 46.Nxd5 1-0

[Event "Vancouver Open"]
[Site "Vancouver, WA"]
[Date "2015.08.22"]
[Round "2"]
[White "Greger Tom  (OR)"]
[Black "Prideaux Dave  (OR)"]
[Result "1-0"]
[WhiteElo "1400"]
[BlackElo "1112"]
[Annotator ""]
[Source ""]
[Remark "Reserve"]

1.e4 e6 2.d4 d5 3.e5 c5 4.c3 cxd4 5.cxd4 Bb4+ 6.Nc3 a6 7.Qa4+
Nc6 8.a3 Bxc3+ 9.bxc3 Bd7 10.Qd1 b5 11.Qg4 Qa5 12.Bd2 g6 13.Nf3
O-O-O 14.c4 Qa4 15.cxb5 axb5 16.Be2 f5 17.Qf4 Nge7 18.O-O h6
19.Rfc1 g5 20.Qe3 g4 21.Nh4 Rdf8 22.Bb4 Kb7 23.Bd1 Qa8 24.Qd3
Nxb4 25.axb4 Qd8 26.Ra5 Nc6 27.Rxb5+ Kc7 28.Rbc5 Qxh4 29.b5 Kd8
30.Rxc6 Bxc6 31.Rxc6 Kd7 32.Qa3 Qe7 33.Qa7+ Ke8 34.Rc8+ Kf7 35.Rc7
Qxc7 36.Qxc7+ Kg6 37.b6 Rc8 38.Qd7 Rc1 39.Qxe6+ Kg5 40.Qf6+ Kf4
41.g3+ Ke4 42.f3+ Kxd4 43.Qxh8 Rxd1+ 44.Kf2 Kd3 45.Qxh6 f4 46.Qxf4
Rd2+ 47.Qxd2+ 1-0

[Event "Vancouver Open"]
[Site "Vancouver, WA"]
[Date "2015.08.22"]
[Round "3"]
[White "Nichols William  (WA)"]
[Black "Berger Brian  (OR)"]
[Result "0-1"]
[WhiteElo "831"]
[BlackElo "1555"]
[Annotator ""]
[Source ""]
[Remark "Reserve"]

1.c4 g6 2.g3 c6 3.Bg2 Bg7 4.Nf3 Nf6 5.Nc3 O-O 6.O-O d5 7.cxd5
cxd5 8.d3 d4 9.Nb5 Nc6 10.Bf4 Nd5 11.Bd2 Qb6 12.Qb3 Be6 13.Ng5
Ne3 14.Nxe6 Nxf1 15.Kxf1 fxe6 16.Qxe6+ Kh8 17.Qc4 Rac8 18.Rc1
Ne5 19.Qxc8 Rxc8 20.Rxc8+ Bf8 21.Bh6 Nd7 22.a4 g5 23.Bxg5 Kg7
24.Rc7 Nf6 25.Rxb7 Qe6 26.Nxd4 Qe5 27.Nf3 Qc5 28.Rb5 Qc8 29.Nh4
h6 30.Bf4 a6 31.Rb8 Qc5 32.Bh3 Kf7 33.b4 Qc6 34.b5 Qh1# 0-1

[Event "Vancouver Open"]
[Site "Vancouver, WA"]
[Date "2015.08.22"]
[Round "3"]
[White "Huang Andy  (WA)"]
[Black "Hisel David  (WA)"]
[Result "1/2-1/2"]
[WhiteElo "1292"]
[BlackElo "1381"]
[Annotator ""]
[Source ""]
[Remark "Reserve"]

1.e4 e6 2.d4 d5 3.exd5 exd5 4.Bd3 Nf6 5.Nf3 Be7 6.Nc3 O-O 7.h3
Re8 8.O-O Nc6 9.Bf4 Bd6 10.Be3 a6 11.Re1 Nb4 12.Be2 Bf5 13.Rc1
Qd7 14.a3 Nc6 15.Bg5 Be7 16.Bf4 h6 17.Ne5 Nxe5 18.dxe5 Ne4 19.Nxd5
Bc5 20.Ne3 Qe6 21.Bc4 Qg6 22.Qf3 Rad8 23.Rcd1 1/2-1/2